Creative Ways To Kill James Bond #2 - Statistics

General Stats
  • This quiz has been taken 501 times
  • The average score is 8 of 10
Answer Stats
Question Answer % Correct
Adjust the centrifuge machine he's trying out to a ludicrous speed Moonraker
94%
Blow a hole in a London tunnel so an underground train drops on him Skyfall
94%
Leave him at a martial arts school to fight the students The Man with the Golden Gun
85%
Drip poison down a thread into his mouth as he sleeps You Only Live Twice
84%
Squeeze him between your thighs Goldeneye
83%
Knock him out and leave him in a coffin to be cremated alive Diamonds are Forever
78%
Have some hockey players knock him around on an ice rink For Your Eyes Only
77%
Lower him on a winch into the shark tank you keep under your poppy fields Live and Let Die
76%
Attack him with flaming shish kebabs Diamonds are Forever
70%
Use a pop up floor tile to flip him into your python pool Moonraker
50%
No matching quizzes found
Score Distribution
Percent of People with Each Score
Percentile by Number Answered
Your Score History
You have not taken this quiz